000 01153cam a22003137a 4500
003 CHAP
005 20220329135335.0
008 971013s1973 r 00010 d
010 _a34692
011 _a35664
035 _a39780
040 _cCHAP
082 _a631.0915
_bM38
111 0 0 _aMesa Redonda sobre las Líneas de Investigación Desarrolladas por los Organismos de Investigación en la Región Arida Chilena y Perspectivas de Acción de un Instituto de Zonas Aridas
_d(1972 :
_cSantiago de Chile)
_975091
245 0 _aPonencias
260 _aSantiago :
_bODEPLAN,
_c1973
300 _a180 h
590 _aBATCH-UPD
_b10
_c20130110
_lUCH01
_h0157
590 _aBATCH-UPD
_b10
_c20130110
_lUCH01
_h1651
590 _aBATCH-UPD
_b10
_c20130409
_lUCH01
_h2201
590 _aBATCH-UPD
_b10
_c20130410
_lUCH01
_h1040
590 _aBATCH-UPD
_b10
_c20130914
_lUCH01
_h0321
590 _aCONVERSION
_b10
_c20130109
_lUCH01
_h1319
650 1 4 _aAgricultura
_xRegiones áridas.
_91781
650 1 4 _aRegiones áridas
_xInvestigación.
_995686
901 _aBK
942 _cLIBRO
949 _a631.0915 M38
_bBC
_cLIBRO
_d33724000054375
_eLIBRO
_h42036
_i39780
_mD
_si
999 _c34692
_d34692